000 00699nam a2200217Ii 4500
003 JO-AjNU
008 230605s9999||||xx |||||||||||||| ||und||
020 _a99-06-004-X
040 _aJO-AjNU
_bara
_erda
_cJO-AjNU
041 _aara
050 1 4 _aND70.J82 1998
100 3 _aجودي، محمد حسين تأليف ,
_eauthor
_936047
245 0 0 _aفنون العرب قبل الإسلام
250 _aط1
264 3 1 _aعمان:دار المسيرة للنشر والتوزيع،1998
300 _a215ص
336 _atext
_btxt
_2rdacontent
337 _aunmediated
_bn
_2rdamedia
338 _avolume
_bnc
_2rdacarrier
650 4 _aالفنون-الفنون قبل الاسلام
_936048
999 _aA14941
_c18509
_d18509